Hong Kong Institute of Surveyors (Record no. 119609)

MARC details
000 -LEADER
fixed length control field 00667cam a2200205 4500
001 - CONTROL NUMBER
control field WS108072
008 - FIXED-LENGTH DATA ELEMENTS--GENERAL INFORMATION
fixed length control field 000000n 000 0 eng u
035 ## - SYSTEM CONTROL NUMBER
System control number (Sirsi) u108072
110 ## - MAIN ENTRY--CORPORATE NAME
Corporate name or jurisdiction name as entry element Hong Kong Institute of Surveyors
9 (RLIN) 3136
245 ## - TITLE STATEMENT
Title Hong Kong Institute of Surveyors
520 ## - SUMMARY, ETC.
Summary, etc. Web site for this organisation including a list of members and a link to their journal 'The Hong Kong Surveyor'.
650 ## - SUBJECT ADDED ENTRY--TOPICAL TERM
Topical term or geographic name entry element HONG KONG
650 ## - SUBJECT ADDED ENTRY--TOPICAL TERM
Topical term or geographic name entry element SURVEYORS
650 ## - SUBJECT ADDED ENTRY--TOPICAL TERM
Topical term or geographic name entry element APC
9 (RLIN) 6216
650 ## - SUBJECT ADDED ENTRY--TOPICAL TERM
Topical term or geographic name entry element CPD
650 ## - SUBJECT ADDED ENTRY--TOPICAL TERM
Topical term or geographic name entry element ORGANISATION
690 ## - LOCAL SUBJECT ADDED ENTRY--TOPICAL TERM (OCLC, RLIN)
Topical term or geographic name as entry element INTERNATIONAL-ASIA
856 40 - ELECTRONIC LOCATION AND ACCESS
Uniform Resource Identifier <a href="https://www.hkis.org.hk">https://www.hkis.org.hk</a>
Public note View the website free of charge at www.hkis.org.hk...
942 ## - ADDED ENTRY ELEMENTS (KOHA)
Suppress in OPAC 0
Holdings
Withdrawn status Lost status Source of classification or shelving scheme Damaged status Not for loan Home library Current library Shelving location Date acquired Total Checkouts Full call number Barcode Date last seen Copy number Price effective from Koha item type
    Dewey Decimal Classification     Virtual Virtual Online 30/08/2000   WEB SITE 108072-2001 06/08/2019 1 06/08/2019 Online material